000 01340cam a22001934a 4500
005 20250605164049.0
008 250528s ||||||||||||||||||||||||d
035 _a17207
020 _a1571819002
040 _aGR-AtMCL
_bgre
_dGR-AtMCL
_eAACR2
245 1 _aCoping with Tourists / European Reactions to Mass Tourism
260 _bBerghahn Books,
_c1996
300 _a264
520 _aThis book describes how European communities dependent on tourism have been affected by the commoditization of their culture and explores the ways they cope with the constant attention of outsiders. Preface, Introduction, Contested Territories: The Politics of Touristic Development at the Shrine of El Rocio in Southwestern Andalusia, Tourism and Self-Consiousness in a South Spanish Coastal Community, A Case of Neglect? The Politics of (Re)presentation: A Sardinian Case, Negotiating the Tourist Gaze: The Example of Malta, Philoxenia Receiving Tourists - but not Guests - on a Greek Island, Reaction to Tourism: A View from the Deep Green Heart of France, Dealing with Fish and Tourists: A Case Study from Northern Norway, The Social Construction of Mokum: Tourism and the Quest for Local Identity in Amsterdam, Notes on Contributors, Index.
700 1 _aBoissevain Jeremy
_93374
942 _cBK
999 _c2641
_d2641